| 000 | 00915nam a22002297a 4500 | ||
|---|---|---|---|
| 001 | BRCA_9293 | ||
| 003 | FranzMayer | ||
| 005 | 20230724132441.0 | ||
| 008 | 230724b |||||||| |||| 00| 0 eng d | ||
| 040 |
_aMFM _besp _cMFM |
||
| 050 |
_aLM24 _bZ37 1669 |
||
| 082 | _2QA101 | ||
| 100 | 1 |
_4Autor _aZaragoza, Ioseph _928956 |
|
| 240 | 1 |
_aArithmetica universal que comprehende el arte menor y maior, algebra vulgar y especiosa _lespañol |
|
| 245 | 0 | _aArithmentica universal que comprehende el arte menor y maior, algebra vulgar y especiosa | |
| 260 |
_aValencia, España _bGeronimo Vilagrafa _c1669 |
||
| 300 |
_a448 p _c19 cm |
||
| 505 | 0 | _aTexto en: españolDirigido a: matemáticos, profesores, científicosIncluye índice temáticoIncluye glosario | |
| 650 | 1 |
_2Matemáticas _aMatemáticas básicas _vAritmética _928957 |
|
| 651 | 2 |
_2Aritmética _aLibros de aritmética _v1669 _928958 |
|
| 942 |
_2lcc _cB |
||
| 999 |
_c10913 _d10913 |
||